000 00587nam a2200229Ia 4500
003 OSt
005 20221005133054.0
006 a|||||r|||| 00| 0
007 ta
008 221004b |||||||| |||| 00| 0 tam d
024 _a56861
037 _cTextual
040 _aCRL
_cCRL
_btam
041 _2tam
_atam
082 _aO32,3N33,4, L8
100 _aPuthur Unnikrishnan
_9642030
245 0 _aVidhichakram
260 _c1978
650 _aMALAYALAM LITERATURE
_938866
942 _hO32,3N33,4, L8
_cTEXL
_2cc
999 _c1065648
_d1065648